| 000 | 00445nam a22001697a 4500 | ||
|---|---|---|---|
| 003 | OSt | ||
| 005 | 20140310182353.0 | ||
| 008 | 130316t xxu||||| |||| 00| 0 eng d | ||
| 050 |
_aQL 78 _b.M99 1986 |
||
| 082 |
_aGS 574.92 _bM99 1986 |
||
| 245 | _aMarine life / | ||
| 260 |
_aTokyo, Japan : _bKroebel-kan co.,ltd. , _c1986. |
||
| 300 |
_a13 p. : _bcol. ill. ; _c26 cm. |
||
| 500 | _aIncludes index. | ||
| 942 |
_2lcc _cBK-GS |
||
| 999 |
_c12425 _d12425 |
||